[Event "DSOL 01 Liga Gr-C 1st"]
[Site "Playchess.com INT"]
[Date "2020.08.06"]
[Round "7.2"]
[White "Kardoeus, David"]
[Black "Lambert, Andreas"]
[Result "0-1"]
[WhiteElo "2141"]
[BlackElo "2091"]
[PlyCount "84"]
[EventDate "2020.06.22"]
[EventType "team-tourn (rapid)"]
[EventCountry "GER"]
[SourceTitle "EXT 2021"]
[Source "ChessBase"]
[SourceDate "2020.10.23"]
[SourceVersion "1"]
[SourceVersionDate "2020.10.23"]
[SourceQuality "1"]
[WhiteTeam "Werder Bremen II"]
[BlackTeam "Ludwigshafen"]
[WhiteTeamCountry "GER"]
[BlackTeamCountry "GER"]

1. e4 c6 2. d4 d5 3. e5 c5 4. dxc5 e6 5. a3 Bxc5 6. b4 Bb6 7. Qg4 Ne7 8. Qxg7 Rg8 9. Qxh7 Bd4 10. Ra2 Bxe5 11. Nf3 Rh8 12. Bb5+ Bd7 13. Qd3 Bg7 14. Bb2 Bxb2 15. Rxb2 Qc7 16. Qc3 Qxc3+ 17. Nxc3 Nbc6 18. Na4 b6 19. c4 dxc4 20. Rc2 Rg8 21. g3 a6 22. Bxc4 Nxb4 23. axb4 Bxa4 24. Ra2 Rc8 25. Nd2 b5 26. 0-0 Rg4 27. f4 Nc6 28. Be2 Rg8 29. Rc1 Ke7 30. Rxa4 bxa4 31. Bxa6 Rcd8 32. Ne4 Nxb4 33. Bb5 Rc8 34. Rb1 a3 35. Rxb4 Rc1+ 36. Kf2 Ra8 37. Bc6 Rxc6 38. Rb7+ Kf8 39. Ng5 a2 40. Rxf7+ Ke8 41. Rh7 a1Q 42. Rh8+ Qxh8 0-1

[Event "DSOL 01 Liga Gr-C 1st"]
[Site "Playchess.com INT"]
[Date "2020.07.17"]
[Round "4.2"]
[White "Garner, Isaac"]
[Black "Lambert, Andreas"]
[Result "1-0"]
[WhiteElo "2101"]
[BlackElo "2091"]
[PlyCount "83"]
[EventDate "2020.06.22"]
[EventType "team-tourn (rapid)"]
[EventCountry "GER"]
[SourceTitle "EXT 2021"]
[Source "ChessBase"]
[SourceDate "2020.10.23"]
[SourceVersion "1"]
[SourceVersionDate "2020.10.23"]
[SourceQuality "1"]
[WhiteTeam "Hamburger SK"]
[BlackTeam "Ludwigshafen"]
[WhiteTeamCountry "GER"]
[BlackTeamCountry "GER"]

1. e4 c6 2. Nc3 d5 3. Nf3 dxe4 4. Nxe4 Nf6 5. Qe2 Bf5 6. Nxf6+ gxf6 7. d4 Nd7 8. g3 Nb6 9. Bg2 Qd7 10. 0-0 Bh3 11. c4 h5 12. a4 h4 13. a5 Nc8 14. a6 Bxg2 15. Kxg2 hxg3 16. fxg3 b5 17. cxb5 cxb5 18. Bf4 Nb6 19. Rac1 Nd5 20. Rc5 Nxf4+ 21. gxf4 Bh6 22. Kh1 Rb8 23. f5 Bf4 24. Qe4 Bd6 25. Rc6 Kf8 26. Rfc1 Rh5 27. Qg4 Rxf5 28. Qh3 e6 29. Rc8+ Rxc8 30. Rxc8+ Ke7 31. Qh8 e5 32. d5 Qxc8 33. Qxc8 Rxf3 34. Qb7+ Kf8 35. Qxa7 e4 36. Qb7 e3 37. Qxb5 Rf2 38. a7 e2 39. a8Q+ Kg7 40. Qa1 Rxh2+ 41. Kg1 Bg3 42. Qb3 1-0

[Event "Pfalz-ch MT-A 87th"]
[Site "Landau"]
[Date "2018.03.29"]
[Round "6"]
[White "Lambert, Andreas"]
[Black "Martin, Mike"]
[Result "1-0"]
[WhiteElo "2169"]
[BlackElo "2150"]
[PlyCount "65"]
[EventDate "2018.03.23"]
[EventType "tourn"]
[EventRounds "9"]
[EventCountry "GER"]
[SourceTitle "EXT 2019"]
[Source "ChessBase"]
[SourceDate "2018.10.10"]
[SourceVersion "1"]
[SourceVersionDate "2018.10.10"]
[SourceQuality "1"]

1. d4 f5 2. Nc3 g6 3. Bg5 Bg7 4. e3 c6 5. Qd2 b5 6. Bd3 b4 7. Nce2 Qb6 8. Nf3 Nf6 9. Ng3 Ba6 10. e4 Bxd3 11. Qxd3 fxe4 12. Nxe4 Nd5 13. h4 Na6 14. Bd2 Nac7 15. Neg5 c5 16. dxc5 Qxc5 17. Nxh7 0-0-0 18. Nhg5 Rhf8 19. Qxg6 Bxb2 20. Rb1 Bc3 21. 0-0 Bxd2 22. Nxd2 Rf4 23. g3 Rf6 24. Qd3 Qc6 25. Nde4 Rg6 26. c3 Nxc3 27. Rxb4 Nxe4 28. Rxe4 d5 29. Rxe7 Rgg8 30. Qf5+ Kb8 31. Qe5 Qd6 32. Rb1+ Kc8 33. Qf5+ 1-0

[Event "Rheinland Pfalz op 9th"]
[Site "Lambsheim"]
[Date "2017.06.17"]
[Round "6"]
[White "Muckle, Julius"]
[Black "Lambert, Andreas"]
[Result "1-0"]
[WhiteElo "2340"]
[BlackElo "2160"]
[PlyCount "55"]
[EventDate "2017.06.15"]
[EventType "swiss"]
[EventRounds "7"]
[EventCountry "GER"]
[SourceTitle "CBM 178 Extra"]
[Source "ChessBase"]
[SourceDate "2017.06.22"]
[SourceVersion "1"]
[SourceVersionDate "2017.06.22"]
[SourceQuality "1"]

1. d4 Nf6 2. c4 e6 3. Nc3 Bb4 4. e3 0-0 5. Bd3 d5 6. Nf3 c6 7. 0-0 Nbd7 8. Qc2 Re8 9. b3 a6 10. Bb2 dxc4 11. bxc4 c5 12. Rfd1 cxd4 13. exd4 Qa5 14. a3 Bf8 15. Re1 g6 16. Nd2 Qc7 17. Nce4 b6 18. d5 Bg7 19. dxe6 Rxe6 20. Nf3 Nxe4 21. Bxe4 Bb7 22. Bxb7 Rxe1+ 23. Rxe1 Qxb7 24. Bxg7 Kxg7 25. Re7 Kf8 26. Qe2 h6 27. Nd4 Rd8 28. Ne6+ 1-0

[Event "Rheinland Pfalz op 9th"]
[Site "Lambsheim"]
[Date "2017.06.16"]
[Round "4"]
[White "Lambert, Andreas"]
[Black "Wilk, Joerg"]
[Result "1-0"]
[WhiteElo "2160"]
[BlackElo "1943"]
[PlyCount "83"]
[EventDate "2017.06.15"]
[EventType "swiss"]
[EventRounds "7"]
[EventCountry "GER"]
[SourceTitle "CBM 178 Extra"]
[Source "ChessBase"]
[SourceDate "2017.06.22"]
[SourceVersion "1"]
[SourceVersionDate "2017.06.22"]
[SourceQuality "1"]

1. c4 c5 2. Nc3 Nc6 3. g3 g6 4. Bg2 Bg7 5. a3 d6 6. Rb1 f5 7. d3 Nf6 8. b4 0-0 9. e3 cxb4 10. axb4 Rb8 11. Nge2 Bd7 12. 0-0 e5 13. b5 Na5 14. f3 Be6 15. e4 Kh8 16. h3 b6 17. Be3 Qd7 18. Kh2 Rf7 19. Qd2 Ng8 20. Na2 h6 21. Nb4 Kh7 22. Nc3 f4 23. Bf2 g5 24. g4 Ne7 25. Rfd1 Rh8 26. Kg1 Kg8 27. Ncd5 h5 28. Nxe7+ Rxe7 29. Nd5 Bxd5 30. cxd5 hxg4 31. hxg4 Kf7 32. Rdc1 Ree8 33. Rc3 Rc8 34. Rbc1 Nb7 35. Rc6 Nc5 36. Bxc5 dxc5 37. Qa2 Rce8 38. Ra1 Ra8 39. Rc7 Ke7 40. d6+ Kxd6 41. Rxd7+ Kxd7 42. Qf7+ 1-0

[Event "Rheinland Pfalz op 9th"]
[Site "Lambsheim"]
[Date "2017.06.15"]
[Round "1"]
[White "Mueller, Michael8"]
[Black "Lambert, Andreas"]
[Result "0-1"]
[WhiteElo "1735"]
[BlackElo "2160"]
[PlyCount "48"]
[EventDate "2017.06.15"]
[EventType "swiss"]
[EventRounds "7"]
[EventCountry "GER"]
[SourceTitle "CBM 178 Extra"]
[Source "ChessBase"]
[SourceDate "2017.06.22"]
[SourceVersion "1"]
[SourceVersionDate "2017.06.22"]
[SourceQuality "1"]

1. d4 Nf6 2. Bf4 d5 3. e3 c5 4. c3 e6 5. Nd2 Be7 6. Ngf3 Nbd7 7. Bd3 b6 8. Ne5 Nxe5 9. Bxe5 0-0 10. h4 Bb7 11. Qf3 Ne8 12. Bxh7+ Kxh7 13. Qh5+ Kg8 14. Nf3 Ba6 15. Ng5 Bd3 16. Kd2 Bf5 17. Rh3 f6 18. Rf3 fxg5 19. hxg5 Bxg5 20. g4 Nf6 21. Bxf6 Qxf6 22. gxf5 cxd4 23. Rg1 dxc3+ 24. bxc3 Rac8 0-1

[Event "Pfalz-ch MT-A 86th"]
[Site "Wolfstein"]
[Date "2017.04.14"]
[Round "8"]
[White "Lambert, Andreas"]
[Black "Heider, Martin"]
[Result "0-1"]
[WhiteElo "2155"]
[BlackElo "2319"]
[PlyCount "68"]
[EventDate "2017.04.07"]
[EventType "tourn"]
[EventRounds "9"]
[EventCountry "GER"]
[SourceTitle "EXT 2018"]
[Source "ChessBase"]
[SourceDate "2017.10.13"]
[SourceVersion "1"]
[SourceVersionDate "2017.10.13"]
[SourceQuality "1"]

1. c4 c5 2. Nc3 g6 3. g3 Bg7 4. Bg2 Nc6 5. a3 d6 6. e3 e6 7. Nge2 Nge7 8. Nf4 0-0 9. Rb1 b6 10. b3 Bb7 11. Bb2 Qd7 12. 0-0 Rad8 13. Ne4 e5 14. Nd5 Nxd5 15. cxd5 Ne7 16. Nc3 Ba6 17. d3 f5 18. f3 Kh8 19. e4 f4 20. b4 g5 21. g4 h5 22. h3 Bf6 23. b5 Bxb5 24. Nxb5 Qxb5 25. Bxe5 Qa5 26. Bxf6+ Rxf6 27. Rf2 Rc8 28. a4 Ng6 29. Bf1 Ne5 30. Qc2 Rcf8 31. Rb5 Qe1 32. Rb1 Qe3 33. Kg2 hxg4 34. hxg4 Rh6 0-1

[Event "Rheinland Pfalz op 7th"]
[Site "Frankenthal"]
[Date "2015.06.06"]
[Round "2"]
[White "Grosse Hering, Peter"]
[Black "Lambert, Andreas"]
[Result "0-1"]
[WhiteElo "1969"]
[BlackElo "2167"]
[PlyCount "92"]
[EventDate "2015.06.04"]
[EventType "swiss"]
[EventRounds "7"]
[EventCountry "GER"]
[SourceTitle "EXT 2017"]
[Source "ChessBase"]
[SourceDate "2016.10.25"]
[SourceVersion "1"]
[SourceVersionDate "2016.10.25"]
[SourceQuality "1"]

1. e4 e6 2. d3 c5 3. Nf3 Nc6 4. g3 g6 5. Bg2 Bg7 6. 0-0 Nge7 7. Re1 d6 8. c3 e5 9. a3 0-0 10. b4 b6 11. b5 Nb8 12. Bb2 a6 13. a4 axb5 14. axb5 Rxa1 15. Bxa1 h6 16. Bb2 f5 17. Nbd2 Be6 18. Qa4 Nd7 19. Nc4 Nc8 20. Nh4 Qf6 21. exf5 gxf5 22. Ne3 f4 23. Nd5 Qf7 24. Qe4 fxg3 25. Re2 gxf2+ 26. Kf1 Nf6 27. Nxf6+ Qxf6 28. Nf3 Ne7 29. Rxf2 Bd5 30. Qe2 Ng6 31. Bc1 Nf4 32. Bxf4 exf4 33. Bh3 Bf7 34. Nd2 d5 35. c4 Kh8 36. Bd7 Qa1+ 37. Kg2 dxc4 38. Nxc4 Bd5+ 39. Kh3 f3 40. Qe7 Qg1 41. Qh4 Qg6 42. Ne3 Be6+ 43. Bxe6 Qxe6+ 44. Ng4 Qf5 45. Kg3 h5 46. Ne3 Be5+ 0-1

[Event "Rheinland Pfalz op 7th"]
[Site "Frankenthal"]
[Date "2015.06.06"]
[Round "4"]
[White "Gschnitzer, Adrian"]
[Black "Lambert, Andreas"]
[Result "1/2-1/2"]
[WhiteElo "2088"]
[BlackElo "2167"]
[PlyCount "35"]
[EventDate "2015.06.04"]
[EventType "swiss"]
[EventRounds "7"]
[EventCountry "GER"]
[SourceTitle "EXT 2017"]
[Source "ChessBase"]
[SourceDate "2016.10.25"]
[SourceVersion "1"]
[SourceVersionDate "2016.10.25"]
[SourceQuality "1"]

1. e4 e6 2. d4 d5 3. Nd2 Be7 4. Bd3 c5 5. c3 cxd4 6. cxd4 dxe4 7. Nxe4 Nf6 8. Ne2 0-0 9. 0-0 Bd7 10. N2c3 Bc6 11. Be3 Nbd7 12. Qe2 Nxe4 13. Bxe4 Bxe4 14. Nxe4 Nf6 15. Nxf6+ Bxf6 16. Qf3 Qd7 17. Rfd1 Rfd8 18. Rac1 1/2-1/2

[Event "Rheinland Pfalz op 5th"]
[Site "Worms"]
[Date "2013.06.01"]
[Round "6"]
[White "Stoica, Vlad"]
[Black "Lambert, Andreas"]
[Result "0-1"]
[WhiteElo "1865"]
[BlackElo "2166"]
[PlyCount "104"]
[EventDate "2013.05.30"]
[EventType "swiss"]
[EventRounds "7"]
[EventCountry "GER"]
[SourceTitle "EXT 2014"]
[Source "ChessBase"]
[SourceDate "2013.11.20"]
[SourceVersion "1"]
[SourceVersionDate "2013.11.20"]
[SourceQuality "1"]

1. e4 e6 2. d4 d5 3. Nc3 Bb4 4. e5 c5 5. a3 Bxc3+ 6. bxc3 Ne7 7. Qg4 cxd4 8. Qxg7 Rg8 9. Qxh7 Qc7 10. Ne2 Nbc6 11. f4 Bd7 12. Qd3 dxc3 13. Nxc3 a6 14. Be3 Nf5 15. Bf2 Rc8 16. Ne2 Na5 17. Nd4 Nxd4 18. Qxd4 Qxc2 19. Bd3 Qc6 20. Qb4 Qc3+ 21. Qxc3 Rxc3 22. Bf1 Nc4 23. Bd4 Rxa3 24. Rxa3 Nxa3 25. Bc5 Nc4 26. h4 Ba4 27. Bd3 Nb2 28. Bb1 Rxg2 29. h5 Bb5 30. h6 Bd3 31. h7 Re2+ 32. Kf1 Rh2+ 33. Kg1 Rxh7 34. Rxh7 Bxb1 35. Rh2 Nc4 36. Rh8+ Kd7 37. Kf2 Kc6 38. Rc8+ Kb5 39. Rc7 b6 40. Be7 Bg6 41. Ke2 d4 42. Rd7 d3+ 43. Rxd3 Bxd3+ 44. Kxd3 a5 45. Kc3 Ne3 46. Kb3 Nd5 47. Bg5 Kc5 48. Bh6 b5 49. Bg5 Kd4 50. Bd8 a4+ 51. Kb2 Nxf4 52. Bc7 Nd3+ 0-1

[Event "Rheinland Pfalz op 5th"]
[Site "Worms"]
[Date "2013.05.31"]
[Round "3"]
[White "Lambert, Andreas"]
[Black "Kunin, Vitaly L"]
[Result "0-1"]
[WhiteElo "2166"]
[BlackElo "2503"]
[PlyCount "150"]
[EventDate "2013.05.30"]
[EventType "swiss"]
[EventRounds "7"]
[EventCountry "GER"]
[SourceTitle "EXT 2014"]
[Source "ChessBase"]
[SourceDate "2013.11.20"]
[SourceVersion "1"]
[SourceVersionDate "2013.11.20"]
[SourceQuality "1"]

1. Nf3 Nf6 2. c4 e6 3. Nc3 Bb4 4. Qc2 c5 5. a3 Ba5 6. g3 0-0 7. Bg2 Nc6 8. 0-0 d6 9. d3 h6 10. Rb1 e5 11. e3 Be6 12. Na2 Rc8 13. b4 cxb4 14. axb4 Bb6 15. Nd2 Qd7 16. Re1 Bh3 17. Bh1 Ne7 18. Nc3 d5 19. c5 Bc7 20. Qa4 Qxa4 21. Nxa4 Bf5 22. Rb3 b5 23. Nb2 Rb8 24. Nb1 a5 25. bxa5 Bxa5 26. Bd2 b4 27. Rc1 Rfc8 28. Be1 Nc6 29. Nd2 Bd8 30. Na4 Na5 31. Rb2 Bxd3 32. Nf3 Bb5 33. Ra1 Nc6 34. Nb6 Bxb6 35. cxb6 Rxb6 36. Bxb4 Bc4 37. Bc3 Rxb2 38. Bxb2 Re8 39. Nd2 Bb5 40. Rc1 Rb8 41. h3 Ba4 42. Ba1 Kf8 43. f4 e4 44. Rc5 Rd8 45. Bxf6 gxf6 46. Nb1 Ne7 47. Nc3 Bb3 48. Kf2 Ra8 49. Bg2 Ke8 50. Bf1 f5 51. Be2 Kd7 52. g4 fxg4 53. hxg4 Rc8 54. Rxc8 Kxc8 55. Ke1 Kd7 56. Nb5 Ba4 57. Nd4 Kd6 58. Kd2 Bd7 59. Kc3 f5 60. gxf5 Bxf5 61. Bh5 Bd7 62. Bf7 Bg4 63. Nb5+ Kc5 64. Nd4 h5 65. Be6 Bxe6 66. Nxe6+ Kd6 67. Ng5 Nf5 68. Kd2 Ke7 69. Ke2 Kf6 70. Kf2 Nd6 71. Nh3 Kf5 72. Ng5 h4 73. Kg2 Nc4 74. Kf2 Ne5 75. Kg2 Ng4 0-1

[Event "Rheinland Pfalz op 3rd"]
[Site "Gau Algesheim"]
[Date "2011.08.01"]
[Round "5"]
[White "Toth, Laszlo2"]
[Black "Lambert, Andreas"]
[Result "1/2-1/2"]
[WhiteElo "2060"]
[BlackElo "2207"]
[PlyCount "27"]
[EventDate "2011.07.28"]
[EventType "swiss"]
[EventRounds "7"]
[EventCountry "GER"]
[SourceTitle "EXT 2013"]
[Source "ChessBase"]
[SourceDate "2012.11.22"]
[SourceVersion "1"]
[SourceVersionDate "2012.11.22"]
[SourceQuality "1"]

1. e4 c5 2. g3 g6 3. Bg2 Bg7 4. d3 Nc6 5. c3 e6 6. f4 d5 7. e5 Nge7 8. Nf3 0-0 9. Na3 Rb8 10. Nc2 Nf5 11. d4 cxd4 12. Nfxd4 Nfxd4 13. Nxd4 Nxd4 14. Qxd4 1/2-1/2

[Event "Oberliga Sued W 1011"]
[Site "Germany"]
[Date "2011.01.16"]
[Round "5.2"]
[White "Hermann, Thomas"]
[Black "Lambert, Andreas"]
[Result "0-1"]
[WhiteElo "2118"]
[BlackElo "2163"]
[PlyCount "72"]
[EventDate "2010.10.10"]
[EventType "team-tourn"]
[EventRounds "9"]
[EventCountry "GER"]
[SourceTitle "EXT 2012"]
[Source "ChessBase"]
[SourceDate "2011.11.24"]
[SourceVersion "1"]
[SourceVersionDate "2011.11.24"]
[SourceQuality "1"]
[WhiteTeam "Winterbach Turm"]
[BlackTeam "Ludwigshafen"]
[WhiteTeamCountry "GER"]
[BlackTeamCountry "GER"]

1. d4 Nf6 2. c4 e6 3. Nf3 Bb4+ 4. Nbd2 b6 5. e3 Bb7 6. a3 Bxd2+ 7. Qxd2 Ne4 8. Qc2 a5 9. Be2 a4 10. 0-0 0-0 11. Rd1 f5 12. Bd2 d6 13. Be1 Rf6 14. d5 exd5 15. cxd5 Nd7 16. Nd4 Bxd5 17. f3 Ng5 18. Nxf5 Bb7 19. Bc4+ Kh8 20. Bd5 c6 21. Ba2 Qf8 22. e4 Rg6 23. Bg3 d5 24. exd5 cxd5 25. Qc7 Nc5 26. Nh4 Re6 27. Bxd5 Bxd5 28. Rxd5 Nf7 29. Rad1 Re2 30. Qf4 Rae8 31. Qd4 Nh6 32. Rd8 Kg8 33. Rxe8 Qxe8 34. Qd5+ Nf7 35. Qd4 Qe6 36. h3 g5 0-1

[Event "Oberliga Sued W 1011"]
[Site "Germany"]
[Date "2010.10.24"]
[Round "2.2"]
[White "Lambert, Andreas"]
[Black "Oberhofer, Andre"]
[Result "1-0"]
[WhiteElo "2163"]
[BlackElo "2228"]
[PlyCount "77"]
[EventDate "2010.10.10"]
[EventType "team-tourn"]
[EventRounds "9"]
[EventCountry "GER"]
[SourceTitle "EXT 2012"]
[Source "ChessBase"]
[SourceDate "2011.11.24"]
[SourceVersion "1"]
[SourceVersionDate "2011.11.24"]
[SourceQuality "1"]
[WhiteTeam "Ludwigshafen"]
[BlackTeam "Saarbruecken Gambit"]
[WhiteTeamCountry "GER"]
[BlackTeamCountry "GER"]

1. c4 e6 2. Nc3 d5 3. d4 Nf6 4. cxd5 exd5 5. Bg5 Be7 6. e3 c6 7. Bd3 0-0 8. Qc2 h6 9. Bh4 Be6 10. Nf3 Nbd7 11. 0-0 Re8 12. Rab1 Rc8 13. Na4 Bd6 14. b4 b5 15. Nc5 Nxc5 16. dxc5 Bc7 17. a4 a6 18. Ra1 Bg4 19. Nd4 Bd7 20. axb5 axb5 21. Kh1 g5 22. Bg3 Bxg3 23. hxg3 Ng4 24. Nf5 Qf6 25. Ra7 Rcd8 26. Nd6 Re7 27. Kg1 h5 28. Ra3 h4 29. gxh4 gxh4 30. Bf5 Nh6 31. Bxd7 Rexd7 32. e4 Qg6 33. Rh3 dxe4 34. Rxh4 Re7 35. Re1 f5 36. Rxh6 Qxh6 37. Nxf5 Qg5 38. Nxe7+ Qxe7 39. Qxe4 1-0

[Event "Oberliga Sued W 0910"]
[Site "Germany"]
[Date "2010.03.21"]
[Round "8.2"]
[White "Lambert, Andreas"]
[Black "Mayer, Frank"]
[Result "0-1"]
[WhiteElo "2225"]
[BlackElo "2329"]
[PlyCount "98"]
[EventDate "2009.10.18"]
[EventType "team-tourn"]
[EventRounds "9"]
[EventCountry "GER"]
[SourceTitle "EXT 2011"]
[Source "ChessBase"]
[SourceDate "2010.11.26"]
[SourceVersion "1"]
[SourceVersionDate "2010.11.26"]
[SourceQuality "1"]
[WhiteTeam "Ludwigshafen"]
[BlackTeam "Illingen"]
[WhiteTeamCountry "GER"]
[BlackTeamCountry "GER"]

1. d4 f5 2. Nc3 Nf6 3. Bg5 d5 4. Bxf6 exf6 5. e3 Be6 6. Qf3 Nc6 7. Bb5 Qd7 8. Nge2 a6 9. Bxc6 Qxc6 10. 0-0 0-0-0 11. Nf4 Bf7 12. Nd3 Be6 13. a3 g5 14. Nb4 Qd6 15. Na4 f4 16. Nc5 g4 17. Qxf4 Qxf4 18. exf4 Bf5 19. Rfe1 a5 20. Nbd3 Bd6 21. g3 b6 22. Na4 h5 23. Nc3 c6 24. Nd1 Be4 25. Nc3 Bf5 26. Nd1 Rde8 27. Rxe8+ Rxe8 28. Ne3 Be4 29. Ne1 Kd7 30. c3 Ke6 31. f3 gxf3 32. Kf2 h4 33. Nxf3 hxg3+ 34. hxg3 Rh8 35. Re1 b5 36. Nf1 Kd7 37. N1d2 Bc2 38. Rc1 Bd3 39. Nb3 b4 40. cxb4 axb4 41. Nc5+ Bxc5 42. Rxc5 Re8 43. Ng1 Bc4 44. axb4 Re4 45. Nf3 Re2+ 46. Kg1 Rxb2 47. f5 Rxb4 48. Kf2 Rb2+ 49. Ke3 Re2+ 0-1

[Event "Oberliga Sued W 0910"]
[Site "Germany"]
[Date "2010.02.07"]
[Round "6.2"]
[White "Lambert, Andreas"]
[Black "Tabatt, Hendrik"]
[Result "0-1"]
[WhiteElo "2225"]
[BlackElo "2349"]
[PlyCount "54"]
[EventDate "2009.10.18"]
[EventType "team-tourn"]
[EventRounds "9"]
[EventCountry "GER"]
[SourceTitle "EXT 2011"]
[Source "ChessBase"]
[SourceDate "2010.11.26"]
[SourceVersion "1"]
[SourceVersionDate "2010.11.26"]
[SourceQuality "1"]
[WhiteTeam "Ludwigshafen"]
[BlackTeam "Schwarzenbach"]
[WhiteTeamCountry "GER"]
[BlackTeamCountry "GER"]

1. c4 c5 2. Nc3 Nc6 3. g3 g6 4. Bg2 Bg7 5. Nf3 Nf6 6. d4 cxd4 7. Nxd4 Ng4 8. e3 Nge5 9. b3 Qa5 10. Bd2 Nd3+ 11. Ke2 Nxd4+ 12. exd4 Nxf2 13. Qc1 Nxh1 14. Nd5 Qd8 15. Bh6 0-0 16. Bxg7 Kxg7 17. Qe3 d6 18. Rxh1 Bg4+ 19. Kf2 e6 20. h3 exd5 21. hxg4 Qf6+ 22. Kg1 g5 23. Bxd5 Rae8 24. Qd2 Re7 25. Rh2 Rfe8 26. Rf2 Re1+ 27. Kg2 Qh6 0-1

[Event "Oberliga Sued W 0910"]
[Site "Germany"]
[Date "2010.01.24"]
[Round "5.2"]
[White "Mandery, Markus"]
[Black "Lambert, Andreas"]
[Result "1/2-1/2"]
[WhiteElo "2159"]
[BlackElo "2225"]
[PlyCount "21"]
[EventDate "2009.10.18"]
[EventType "team-tourn"]
[EventRounds "9"]
[EventCountry "GER"]
[SourceTitle "EXT 2011"]
[Source "ChessBase"]
[SourceDate "2010.11.26"]
[SourceVersion "1"]
[SourceVersionDate "2010.11.26"]
[SourceQuality "1"]
[WhiteTeam "Mutterstadt"]
[BlackTeam "Ludwigshafen"]
[WhiteTeamCountry "GER"]
[BlackTeamCountry "GER"]

1. Nf3 c5 2. g3 Nc6 3. Bg2 g6 4. 0-0 Bg7 5. d3 d6 6. Nbd2 Nf6 7. e4 0-0 8. Re1 Rb8 9. h3 e5 10. c3 Bd7 11. Nf1 1/2-1/2

[Event "Oberliga Sued W 0910"]
[Site "Germany"]
[Date "2009.10.18"]
[Round "1.2"]
[White "Lambert, Andreas"]
[Black "Leuranguer, Yannick"]
[Result "0-1"]
[WhiteElo "2225"]
[BlackElo "2265"]
[PlyCount "42"]
[EventDate "2009.10.18"]
[EventType "team-tourn"]
[EventRounds "9"]
[EventCountry "GER"]
[SourceTitle "EXT 2011"]
[Source "ChessBase"]
[SourceDate "2010.11.26"]
[SourceVersion "1"]
[SourceVersionDate "2010.11.26"]
[SourceQuality "1"]
[WhiteTeam "Ludwigshafen"]
[BlackTeam "Landau"]
[WhiteTeamCountry "GER"]
[BlackTeamCountry "GER"]

1. c4 e6 2. Nc3 Nf6 3. e4 d5 4. e5 Ne4 5. Nf3 Be7 6. Qc2 Nc6 7. Nxe4 Nb4 8. Qb1 dxe4 9. Qxe4 Bd7 10. a3 Bc6 11. Qb1 Bxf3 12. axb4 Bh5 13. Bd3 Qd4 14. 0-0 Bxb4 15. Qc2 Bc5 16. Ra4 Bg6 17. Bxg6 hxg6 18. g3 Qxe5 19. d3 Qh5 20. h4 Qf3 21. Kh2 Rxh4+ 0-1

[Event "Oberliga Sued W 0809"]
[Site "Germany"]
[Date "2009.03.15"]
[Round "8.2"]
[White "Lambert, Andreas"]
[Black "Ardeleanu, Alin"]
[Result "1/2-1/2"]
[WhiteElo "2224"]
[BlackElo "2407"]
[PlyCount "101"]
[EventDate "2008.10.05"]
[EventType "team-tourn"]
[EventRounds "11"]
[EventCountry "GER"]
[SourceTitle "EXT 2012"]
[Source "ChessBase"]
[SourceDate "2011.11.24"]
[SourceVersion "1"]
[SourceVersionDate "2011.11.24"]
[SourceQuality "1"]
[WhiteTeam "Ludwigshafen"]
[BlackTeam "Schwarzenbach"]
[WhiteTeamCountry "GER"]
[BlackTeamCountry "GER"]

1. c4 c5 2. Nc3 Nc6 3. g3 g6 4. Bg2 Bg7 5. Nf3 d6 6. a3 Rb8 7. e3 a6 8. d4 Bg4 9. dxc5 Bxc3+ 10. bxc3 dxc5 11. Qc2 Nf6 12. e4 Be6 13. Bf4 Rc8 14. Nd2 0-0 15. Bf1 Qa5 16. Be2 Bh3 17. f3 Be6 18. Kf2 Nd7 19. Bh6 Rfd8 20. Nf1 Nb6 21. Ne3 Ne5 22. Nd5 Rd7 23. Qb3 Na4 24. Rhd1 Bxd5 25. Rxd5 Rxd5 26. cxd5 b5 27. c4 Qc3 28. Qxc3 Nxc3 29. Bf1 bxc4 30. Rc1 Nb5 31. Bxc4 Nd6 32. Bxa6 Ra8 33. Be2 c4 34. Bf4 f6 35. Bxe5 fxe5 36. Rc3 g5 37. g4 Kf7 38. Ke1 h5 39. gxh5 Kg7 40. Kd2 Ra4 41. Bd1 Ra8 42. a4 Rh8 43. Rc2 Rxh5 44. Kc3 Kf6 45. Kb4 Rh8 46. a5 Rb8+ 47. Ka4 Rb1 48. Be2 Ra1+ 49. Kb4 Rb1+ 50. Ka4 Ra1+ 51. Kb4 1/2-1/2

[Event "Oberliga Sued W 0708"]
[Site "Germany"]
[Date "2008.03.09"]
[Round "7.4"]
[White "Lambert, Andreas"]
[Black "Wagner, Harald"]
[Result "1-0"]
[WhiteElo "2218"]
[BlackElo "2267"]
[PlyCount "43"]
[EventDate "2007.10.21"]
[EventType "team-tourn"]
[EventRounds "9"]
[EventCountry "GER"]
[SourceTitle "EXT 2009"]
[Source "ChessBase"]
[SourceDate "2008.11.26"]
[SourceVersion "1"]
[SourceVersionDate "2008.11.26"]
[SourceQuality "1"]
[WhiteTeam "Ludwigshafen"]
[BlackTeam "Saarbruecken Gambit"]
[WhiteTeamCountry "GER"]
[BlackTeamCountry "GER"]

1. c4 g6 2. Nc3 Bg7 3. g3 Nf6 4. Bg2 0-0 5. Nf3 d6 6. 0-0 Nc6 7. d3 Bf5 8. Rb1 Qd7 9. Re1 Bh3 10. Bh1 h6 11. b4 Ng4 12. Nd5 g5 13. b5 Nd8 14. Qc2 e6 15. Nc3 f5 16. Bxg5 f4 17. Bxf4 Rxf4 18. gxf4 Bxc3 19. Qxc3 Ne5 20. Ng5 Qg7 21. d4 Bf5 22. e4 1-0

[Event "Oberliga Sued W 0708"]
[Site "Germany"]
[Date "2007.10.21"]
[Round "1.5"]
[White "Lambert, Andreas"]
[Black "Silber, Gerhard"]
[Result "1/2-1/2"]
[WhiteElo "2218"]
[BlackElo "2272"]
[PlyCount "72"]
[EventDate "2007.10.21"]
[EventType "team-tourn"]
[EventRounds "9"]
[EventCountry "GER"]
[SourceTitle "EXT 2009"]
[Source "ChessBase"]
[SourceDate "2008.11.26"]
[SourceVersion "1"]
[SourceVersionDate "2008.11.26"]
[SourceQuality "1"]
[WhiteTeam "Ludwigshafen"]
[BlackTeam "Landau"]
[WhiteTeamCountry "GER"]
[BlackTeamCountry "GER"]

1. d4 f5 2. Nc3 Nf6 3. Bg5 e6 4. e4 fxe4 5. Nxe4 Be7 6. Bxf6 Bxf6 7. f4 d5 8. Nxf6+ Qxf6 9. Qd2 Nc6 10. Nf3 Bd7 11. 0-0-0 0-0-0 12. g3 Be8 13. Re1 Bg6 14. Bb5 Be4 15. Rhf1 Bxf3 16. Bxc6 Be4 17. Bb5 Rd6 18. Qe3 Rb6 19. Bd3 c5 20. Bxe4 cxd4 21. Qd3 dxe4 22. Rxe4 Rd8 23. Rd1 Rbd6 24. Re5 h6 25. Rde1 Rc6 26. Kb1 g5 27. f5 exf5 28. Rxf5 Qd6 29. a3 Kb8 30. Rf7 Qd5 31. Rf5 Qg2 32. Re2 Qh1+ 33. Ka2 a6 34. Qd2 Rc7 35. Qa5 Rdc8 36. Qe5 Qd1 1/2-1/2